000 00442nam a2200169Ia 4500
008 241115s9999 xx 000 0 und d
020 _a81-203-3117-6
082 _a005.133 RAO
100 _aRao, B. Rama Krishna
245 0 _aProgramming With C# Concept and Practice
250 _a.NA
260 _aNew Delhi:
_bPrintice Hall,
_c2007
300 _axvii,409p.
600 _aComputer Science
650 _aComputer Science
942 _cBBD
999 _c26622
_d26622